Suspensión de la cobertura por mora en el pago de la prima / (Registro nro. 6352)
[ vista simple ]
| 000 -LEADER | |
|---|---|
| fixed length control field | 02415nab a22003017a 4500 |
| 003 - CONTROL NUMBER IDENTIFIER | |
| control field | OSt |
| 005 - DATE AND TIME OF LATEST TRANSACTION | |
| control field | 20260131193604.0 |
| 008 - FIXED-LENGTH DATA ELEMENTS--GENERAL INFORMATION | |
| fixed length control field | 190603e xxum|||| |||| 00| 0 spa d |
| 040 ## - CATALOGING SOURCE | |
| Transcribing agency | PJ |
| 100 ## - MAIN ENTRY--PERSONAL NAME | |
| 9 (RLIN) | 7008 |
| Personal name | Abbas, Ana |
| 245 10 - TITLE STATEMENT | |
| Title | Suspensión de la cobertura por mora en el pago de la prima / |
| Statement of responsibility, etc | Ana Abbas. |
| 260 ## - PUBLICATION, DISTRIBUTION, ETC. (IMPRINT) | |
| Date of publication, distribution, etc | Ciudad Autónoma de Buenos Aires : |
| Place of publication, distribution, etc | Thomson Reuters La Ley, |
| Name of publisher, distributor, etc | 2025. |
| 300 ## - PHYSICAL DESCRIPTION | |
| Extent | p. 57-65 |
| 500 ## - GENERAL NOTE | |
| General note | Cita: TR LALEY AR/DOC/2900/2025 <br/>Publicado en: RCCyC 2025 (Diciembre). |
| 505 ## - FORMATTED CONTENTS NOTE | |
| Formatted contents note | Sumario: I. Introducción.— II. Fundamento legal y contractual de la suspensión de la cobertura por falta de pago de la prima.— III. El hecho técnico ínsito en la actividad aseguradora. La suspensión de la cobertura por falta de pago oportuno de la prima como consecuencia de la técnica aseguradora.— IV. La suspensión de la cobertura por falta de pago de la prima no requiere interpelación judicial o extrajudicial alguna ni constitución en mora.— V. La "costumbre" de pago fuera de los vencimientos no implica novación sobre el contrato ni modifica las disposiciones de la ley.— VI. El pago tardío de la prima reactiva para el futuro la cobertura suspendida.— VII. La tenencia de una constancia de seguro obligatorio automotor no acredita cobertura financiera.— VIII. Preminencia de la Ley de Seguros sobre la Ley de Defensa del Consumidor. Criterio de la CS.— IX. Las cláusulas generales y particulares del contrato de seguro no son cláusulas predispuestas por la aseguradora.— X. La cláusula de cobranza del premio y su incidencia en la relación precio-servicio. Consecuente imposibilidad de declararla abusiva.— XI. La función social del seguro obligatorio automotor. Su correcto entendimiento. Criterio de la CS.— XII. Conclusiones. |
| 505 ## - FORMATTED CONTENTS NOTE | |
| Title | ¿Te interesa el texto completo? Solicitalo al correo: koha@justierradelfuego.gov.ar |
| 650 #0 - SUBJECT ADDED ENTRY--TOPICAL TERM | |
| 9 (RLIN) | 1497 |
| Topical term or geographic name as entry element | CODIGO CIVIL Y COMERCIAL |
| 650 #0 - SUBJECT ADDED ENTRY--TOPICAL TERM | |
| 9 (RLIN) | 1921 |
| Topical term or geographic name as entry element | SEGUROS |
| 650 #0 - SUBJECT ADDED ENTRY--TOPICAL TERM | |
| 9 (RLIN) | 2725 |
| Topical term or geographic name as entry element | MORA |
| 650 #0 - SUBJECT ADDED ENTRY--TOPICAL TERM | |
| 9 (RLIN) | 2600 |
| Topical term or geographic name as entry element | LEY DE DEFENSA DEL CONSUMIDOR |
| 650 #0 - SUBJECT ADDED ENTRY--TOPICAL TERM | |
| 9 (RLIN) | 2608 |
| Topical term or geographic name as entry element | DERECHOS DEL CONSUMIDOR |
| 650 #0 - SUBJECT ADDED ENTRY--TOPICAL TERM | |
| 9 (RLIN) | 3951 |
| Topical term or geographic name as entry element | DEBER DE INFORMACIÓN |
| 650 #0 - SUBJECT ADDED ENTRY--TOPICAL TERM | |
| Topical term or geographic name as entry element | OBLIGACIONES DEL ASEGURADO |
| 650 #0 - SUBJECT ADDED ENTRY--TOPICAL TERM | |
| Topical term or geographic name as entry element | ASEGURADO |
| 9 (RLIN) | 4314 |
| 650 #0 - SUBJECT ADDED ENTRY--TOPICAL TERM | |
| Topical term or geographic name as entry element | PRIMA DE SEGURO |
| 773 0# - HOST ITEM ENTRY | |
| Host Biblionumber | 2713 |
| Host Itemnumber | 3170 |
| Place, publisher, and date of publication | Ciudad Autónoma de Buenos Aires : Thomson Reuters La Ley, 2015- |
| Title | Revista Código Civil y Comercial. Nº 6 - Diciembre 2025 |
| 942 ## - ADDED ENTRY ELEMENTS (KOHA) | |
| Source of classification or shelving scheme | |
| Koha item type | Analítica Artículo de Revista |
No hay ítems disponibles.
